Independent Housing Ombudsman Scheme (Record no. 119924)

MARC details
000 -LEADER
fixed length control field 00806cam a2200205 4500
001 - CONTROL NUMBER
control field WS114893
008 - FIXED-LENGTH DATA ELEMENTS--GENERAL INFORMATION
fixed length control field 010927n 000 0 eng u
035 ## - SYSTEM CONTROL NUMBER
System control number (Sirsi) u114893
245 ## - TITLE STATEMENT
Title Independent Housing Ombudsman Scheme
520 ## - SUMMARY, ETC.
Summary, etc. Web site for this scheme which deals with disputes between landlords and tenants in England. Includes a FAQ page, a database of landlords, a digest of cases considered by the ombudsman and details of the Tenancy Deposit Scheme.
650 ## - SUBJECT ADDED ENTRY--TOPICAL TERM
Topical term or geographic name entry element OMBUDSMAN
650 ## - SUBJECT ADDED ENTRY--TOPICAL TERM
Topical term or geographic name entry element HOUSING ACT 1996
650 ## - SUBJECT ADDED ENTRY--TOPICAL TERM
Topical term or geographic name entry element DISPUTE RESOLUTION
9 (RLIN) 6236
650 ## - SUBJECT ADDED ENTRY--TOPICAL TERM
Topical term or geographic name entry element LANDLORD AND TENANT
9 (RLIN) 6252
650 ## - SUBJECT ADDED ENTRY--TOPICAL TERM
Topical term or geographic name entry element LANDLORDS
650 ## - SUBJECT ADDED ENTRY--TOPICAL TERM
Topical term or geographic name entry element TENANCY DEPOSIT SCHEME (TDS)
690 ## - LOCAL SUBJECT ADDED ENTRY--TOPICAL TERM (OCLC, RLIN)
Topical term or geographic name as entry element HOUSING
856 40 - ELECTRONIC LOCATION AND ACCESS
Uniform Resource Identifier <a href="https://www.ihos.org.uk">https://www.ihos.org.uk</a>
Public note View the website free of charge at www.ihos.org.uk...
942 ## - ADDED ENTRY ELEMENTS (KOHA)
Suppress in OPAC 0
Holdings
Withdrawn status Lost status Source of classification or shelving scheme Damaged status Not for loan Home library Current library Shelving location Date acquired Total Checkouts Full call number Barcode Date last seen Copy number Price effective from Koha item type
    Dewey Decimal Classification     Virtual Virtual Online 27/09/2001   WEB SITE 114893-2001 06/08/2019 1 06/08/2019 Online material